Gestión Social para el Desarrollo Humano /
El documento presenta una compilación de las intervenciones de especialistas en el tema de la gestión social y el desarrollo humano, ponencias que se presentaron en el II Encuentro Internacional Gestión Social para el Desarrollo Humano. Que busca dar respuesta a diversos problemas sociales, como la...
Gespeichert in:
| Körperschaft: | |
|---|---|
| Format: | Tagungsbericht |
| Sprache: | Spanish |
| Veröffentlicht: |
Bogotá, Colombia :
Universidad Colegio Mayor de Cundinamarca
2012
|
| Schlagworte: | |
| Tags: |
Tag hinzufügen
Keine Tags, Fügen Sie den ersten Tag hinzu!
|
MARC
| LEADER | 00000 a2200000 04500 | ||
|---|---|---|---|
| 001 | 44467 | ||
| 003 | cru CIDCACS/IIS | ||
| 005 | 20230707101413.0 | ||
| 008 | 050704s2012 ck spa d | ||
| 020 | |a 978-958-8359-13-7 | ||
| 040 | |c CRAI/IIS | ||
| 090 | |a 02.02.01 G393g | ||
| 111 | |a Encuentro Internacional Gestión Social para el Desarrollo Humano |n (2° : |d 2011 : |c Bogotá, Colombia) | ||
| 245 | |a Gestión Social para el Desarrollo Humano / |c Encuentro Internacional Gestión Social para el Desarrollo Humano | ||
| 260 | |a Bogotá, Colombia : |b Universidad Colegio Mayor de Cundinamarca |c 2012 | ||
| 300 | |a 547 páginas | ||
| 520 | |a El documento presenta una compilación de las intervenciones de especialistas en el tema de la gestión social y el desarrollo humano, ponencias que se presentaron en el II Encuentro Internacional Gestión Social para el Desarrollo Humano. Que busca dar respuesta a diversos problemas sociales, como la desigualdad, pobreza, enfermedades, falta de solidaridad, mortalidad infantil y analfabetismo. | ||
| 650 | 0 | |9 5306 |a DESARROLLO HUMANO | |
| 650 | 0 | |9 839 |a PROBLEMAS SOCIALES | |
| 650 | 0 | |9 284 |a POBREZA | |
| 650 | 0 | |9 77 |a DESIGUALDAD SOCIAL | |
| 650 | 0 | |9 2122 |a DESARROLLO SOCIAL | |
| 650 | 0 | |9 850 |a TRABAJO SOCIAL | |
| 650 | 0 | |9 3691 |a POLITICA | |
| 942 | |2 ddc |c LI |h 02.02.01 G393g |i 14038 |6 020201_G393G_14038 | ||
| 999 | |c 14896 |d 14896 | ||



